000 00472nam a2200157Ia 4500
008 220216s9999 xx 000 0 und d
100 _aHashim A S
245 4 _aThe Effect of Bis(3-Triethoxysilylpropyl) tetrasulfide on silica reinforcement of styrene-butadiene rubber
260 _bRubber Chemistry and Technology
_c1998
300 _a289-299
650 _aStyrene-butadiene rubber
700 _aAzahari B
700 _aIkeda Y
700 _aKohjiya S
942 _cJS
999 _c70601
_d70601